| 000 | 00493nam a22001817a 4500 | ||
|---|---|---|---|
| 005 | 20251108164354.0 | ||
| 008 | 250721s1999 xx 000 0 ara d | ||
| 082 | 1 | 4 | _a214.2/طيب |
| 100 | 1 | _aالطيبي، عكاشه عبد المنان | |
| 245 | 1 | 0 | _aالجن في أدب الجاحظ / |
| 264 | 1 |
_aبيروت : _bدار الآفاق، _c1999. |
|
| 300 | _a168ص | ||
| 650 | 1 | 7 | _aالإسلام |
| 650 | 1 | 7 | _aالنبوة |
| 650 | 1 | 7 | _aالجن |
| 942 |
_2ddc _cBK |
||
| 999 |
_c10539 _d10539 |
||